<?xml version="1.0" encoding="UTF-8"?>
<record
    xmlns:xsi="http://www.w3.org/2001/XMLSchema-instance"
    xsi:schemaLocation="http://www.loc.gov/MARC21/slim http://www.loc.gov/standards/marcxml/schema/MARC21slim.xsd"
    xmlns="http://www.loc.gov/MARC21/slim">

  <leader>00629cam a2200205 i 4500</leader>
  <controlfield tag="001">sa 65007429 </controlfield>
  <controlfield tag="003">DLC</controlfield>
  <controlfield tag="005">20260227112148.0</controlfield>
  <controlfield tag="008">811029s1957    ii a          000 0 mar  </controlfield>
  <datafield tag="010" ind1=" " ind2=" ">
    <subfield code="a">sa 65007429 </subfield>
  </datafield>
  <datafield tag="040" ind1=" " ind2=" ">
    <subfield code="a">DLC</subfield>
    <subfield code="c">DLC</subfield>
    <subfield code="d">DLC</subfield>
  </datafield>
  <datafield tag="050" ind1="0" ind2="0">
    <subfield code="a">PK2418.D42</subfield>
    <subfield code="b">M6</subfield>
  </datafield>
  <datafield tag="100" ind1="1" ind2=" ">
    <subfield code="a">Deshpande, Purushottam Lakshman,</subfield>
    <subfield code="d">1919-2000.</subfield>
  </datafield>
  <datafield tag="245" ind1="1" ind2="0">
    <subfield code="a">Mo&#x1E6D;he m&#x101;se &#x101;&#x1E47;i ch&#x1E6D;e m&#x101;se :</subfield>
    <subfield code="b">t&#x12B;na ek&#x101;&#x1E45;kik&#x101; /</subfield>
    <subfield code="c">Purushottama Lakshma&#x1E47;a De&#x15B;ap&#x101;&#x1E47;&#x1E0D;e.</subfield>
  </datafield>
  <datafield tag="250" ind1=" " ind2=" ">
    <subfield code="a">[Pratham&#x101;vr&#x325;tti].</subfield>
  </datafield>
  <datafield tag="260" ind1=" " ind2=" ">
    <subfield code="a">Mumba&#x12B; :</subfield>
    <subfield code="b">&#x15A;ir&#x12B;sha Ejans&#x12B;j,</subfield>
    <subfield code="c">[1957]</subfield>
  </datafield>
  <datafield tag="300" ind1=" " ind2=" ">
    <subfield code="a">115 p. :</subfield>
    <subfield code="b">ill. ;</subfield>
    <subfield code="c">19 cm.</subfield>
  </datafield>
  <datafield tag="500" ind1=" " ind2=" ">
    <subfield code="a">In Marathi.</subfield>
  </datafield>
  <datafield tag="500" ind1=" " ind2=" ">
    <subfield code="a">Plays.</subfield>
  </datafield>
  <datafield tag="999" ind1=" " ind2=" ">
    <subfield code="c">65157</subfield>
    <subfield code="d">65157</subfield>
  </datafield>
</record>
